| 000 | 01144nam a22002537a 4500 | ||
|---|---|---|---|
| 005 | 20170124103147.0 | ||
| 010 | _aB-072707 | ||
| 020 |
_c200.00 _a8188433004 |
||
| 035 | _aB-072707 | ||
| 037 | _bCen Lib/Ret | ||
| 040 |
_aDPL _bHN |
||
| 082 |
_a025.04 _bशर्माप्र |
||
| 100 |
_aशर्मा, प्रहलाद _986584 |
||
| 245 |
_aकम्पुटर और पुस्तकालय / _cप्रहलाद शर्मा |
||
| 246 |
_aComputer aur pustkalay / _bby Prahlad Sharma |
||
| 260 |
_aजयपुर _bअंकित पब्लिकेशन्स _c2002 |
||
| 270 |
_a55/74, रजत पथ, मानसरोवर _bजयपुर _e302020 |
||
| 300 |
_a166पृ. _c21सेमी (सजिल्द) |
||
| 650 |
_aपुस्तकालय विज्ञान और कंप्यूटर _986585 |
||
| 650 |
_aसूचना प्रोधौगिकी--कम्पुटर _986586 |
||
| 650 |
_aLibrary science and computer _986587 |
||
| 650 |
_aInformation technology--Computer _986588 |
||
| 942 |
_2ddc _cHN _h025.04 _mशर्माप्र |
||
| 999 |
_c119729 _d119729 |
||